| 000 | 01232nam a22002531a 4500 | ||
|---|---|---|---|
| 999 |
_c10016 _d10016 |
||
| 001 | 10016 | ||
| 003 | OSt | ||
| 005 | 20260204212142.0 | ||
| 008 | 070616s2006||||dr ||||||b||||||||||spa|| | ||
| 090 | _aAGR 2006 V17 | ||
| 100 | 1 |
_aVásquez, Valerio _esustentante |
|
| 245 | 1 | _aProductividad de la variedad de piña (Anana comosu L) MD2 en dos fechas de inducción con dos tipos de material de siembra, Cevicos, provincia Sánchez Ramírez, 2004.Valerio Vásquez, Maritza Alt. Robles Tavarez y Lucilo Vásquez Ramírez ; asesor Jaime Arismendi Acosta Padilla ; Co-asesor Roberto Antonio Espejo | |
| 260 |
_aCotuí, Republica Dominicana : _bUTECO, _c2006 |
||
| 300 | _a44 hojas : | ||
| 502 | _aTrabajo de grado (Ingeniería en Agronomía)--Universidad Tecnológica del Cibao Oriental, 2006 | ||
| 504 | _aIncluye referencia bibliográfica e índice | ||
| 650 | 4 | _aProductividad de piña--Agronomía | |
| 700 | 1 |
_aRobles Tavarez, Maritza Alt. _esustentante |
|
| 700 | 1 |
_aVásquez Ramírez, Lucilo _esustentante |
|
| 700 | 1 |
_aAcosta Padilla, Jaime Arismendi _easesor |
|
| 700 | 1 |
_aEspejo, Roberto Antonio _eco-asesor |
|
| 830 | _aTesis y disertaciones académicas (Universidad Tecnológica del Cibao Oriental) | ||
| 942 |
_2LC _cTH |
||